000
00218nam a2200085Ia 4500
008
170620s9999 xx 000 0 und d
100
_a
Shukla- C. S.
245
0
_a
Science Teaching
260
_b
Meerut- International Publishing House
260
_c
2003
999
_c
23957
_d
23957